| 000 | 00434 a2200169 4500 | ||
|---|---|---|---|
| 001 | 192184 | ||
| 020 | _a978-85-359-2612-5 | ||
| 040 | _cMagnum | ||
| 100 | _aMachado, Ana Maria | ||
| 240 | 1 | 0 |
_aPonto de fuga: conversas sobre livros _lpor |
| 245 | 1 | 0 | _aPonto de fuga: conversas sobre livros |
| 300 | _a250 | ||
| 362 | 0 | _a2016 | |
| 440 | 1 | _aCompanhia das Letras | |
| 697 | _aEDUCAÇÃO EM GERAL E DISCIPLINAS AFINS | ||
| 942 | _cBK | ||
| 999 |
_c192184 _d192184 |
||